| 000 | 00544nam a2200193 a 4500 | ||
|---|---|---|---|
| 005 | 20250307063811.0 | ||
| 008 | 991125s1988 mx 000 0 spa u | ||
| 020 | _a9682918383 | ||
| 035 | _aUPN01000041427 | ||
| 049 | _aI | ||
| 050 | 4 |
_aP105 _bN64 |
|
| 245 | 0 | 0 |
_aNo me maravillaría yo : _btrabalenguas / _ccomp. Luz María Chapela. |
| 260 |
_aMéxico : _bCONAFE : _bSEP, _c1988. |
||
| 300 |
_a48 p. : _bil. |
||
| 440 | 0 | _aChipichipi | |
| 650 | 4 |
_aLenguaje y lenguas _93837 |
|
| 700 | 1 |
_aChapela, Luz María _ecomp. _932682 |
|
| 905 | _aInfantil | ||
| 999 |
_c41427 _d41427 |
||